Diseño de un servicio de recolección, tratamiento y valorización de teléfonos celulares desechados
Guardado en:
| Autor principal: | |
|---|---|
| Otros Autores: | , , |
| Formato: | Libro |
| Lenguaje: | Spanish |
| Publicado: |
[San José, Costa Rica]
2020
|
| Materias: | |
| Etiquetas: |
Agregar Etiqueta
Sin Etiquetas, Sea el primero en etiquetar este registro!
|
MARC
| LEADER | 00000nam a2200000Ia 4500 | ||
|---|---|---|---|
| 003 | 013794 | ||
| 005 | 20240313134851.0 | ||
| 008 | 140114s2020 cr a 000 ||spa d | ||
| 040 | |c cru CEDI | ||
| 100 | |a Hernández Torres, Karina, 1996- |9 2628 | ||
| 245 | |a Diseño de un servicio de recolección, tratamiento y valorización de teléfonos celulares desechados | ||
| 260 | |a [San José, Costa Rica] |c 2020 | ||
| 500 | |a Proyecto de graduación (licenciatura en ingeniería industrial)--Universidad de Costa Rica. Facultad de Ingeniería. Escuela de Ingeniería Industrial | ||
| 501 | |a Directora de Proyecto de Graduación: Ing. Paola Gamboa Hernández | ||
| 650 | |x DISPOSICION DE RESIDUOS |x APROVECHAMIENTO DE RESIDUOS |x NEGOCIOS - DISEÑO |x ANALISIS DE MERCADEO |x CONTROL DE COSTOS |x VALIDACION - MODELOS DE EVALUACION | ||
| 700 | |a Rodríguez Molinari, Marilaura , 1996- |9 2625 | ||
| 700 | |a Vargas Sáenz, Sergio, 1995- |9 2627 | ||
| 700 | |a Gamboa Hernández, Paola, 1979- |d Directora del TFG |9 307 | ||
| 942 | |c TFG |h TFG 8935 |i 013794 |6 TFG_8935_013794000000000 | ||
| 999 | |c 12850 |d 12850 | ||
